La mujer en el arte / (Record no. 135920)

MARC details
000 -LEADER
campo de control de longitud fija 00656nam a2200217 i 4500
001 - NÚMERO DE CONTROL
campo de control 135920
003 - IDENTIFICADOR DE NÚMERO DE CONTROL
campo de control ES-MaACL
005 - FECHA Y HORA DE LA ÚLTIMA TRANSACCIÓN
campo de control 20251013210530.0
007 - CAMPO FIJO DE DESCRIPCIÓN FÍSICA--INFORMACIÓN GENERAL
campo de control de longitud fija t|
008 - DATOS DE LONGITUD FIJA--INFORMACIÓN GENERAL
campo de control de longitud fija 070214s1971 sp r ||||1| spa d
100 1# - ENTRADA PRINCIPAL--NOMBRE DE PERSONA
Nombre de persona Rousselot, Jean.
9 (RLIN) 100079
245 13 - MENCIÓN DEL TÍTULO
Título La mujer en el arte /
Mención de responsabilidad, etc. Jean Rousselot ; prefacio de Jean Cassou.
260 ## - PUBLICACIÓN, DISTRIBUCIÓN, ETC.
Lugar de publicación, distribución, etc. Barcelona :
Nombre del editor, distribuidor, etc. Argos,
Fecha de publicación, distribución, etc. 1971.
300 ## - DESCRIPCIÓN FÍSICA
Extensión 335 p., 45 lám. :
Otras características físicas il. ;
Dimensiones 32 cm.
490 1# - MENCIÓN DE SERIE
Mención de serie Las fuentes del arte
650 #4 - PUNTO DE ACCESO ADICIONAL DE MATERIA--TÉRMINO DE MATERIA
Término de materia o nombre geográfico como elemento de entrada Mujeres-
Subdivisión general En el arte.
9 (RLIN) 146791
700 0# - ENTRADA AGREGADA--NOMBRE PERSONAL
Nombre de persona Cassou, Jean,
Fechas asociadas al nombre 1897-1986
9 (RLIN) 36378
830 0# - PUNTO DE ACCESO ADICIONAL DE SERIE-TÍTULO UNIFORME
Título uniforme Las fuentes del arte
9 (RLIN) 187025
852 ## - LOCALIZACIÓN
Ubicación ES-MaACL
Número de control de estantería C-41255
Holdings
Estatus retirado Estado de pérdida Estado de daño No para préstamo Biblioteca de origen Biblioteca actual Ubicación en estantería Fecha de adquisición Fuente de adquisición Total de préstamos Signatura topográfica completa Código de barras Visto por última vez Precio de reemplazo Tipo de ítem Koha
        Biblioteca del Ateneo de Madrid Biblioteca del Ateneo de Madrid Depósito 2 17/01/2008     C-41255 1141462 23/02/2023 23/02/2023 Libro impreso